000 01085nas a2200289 a 4500
001 000014541
003 DLC
005 20240902093158.0
008 100113c20009999dr qr1p 0 0spa d
022 _a1683-2558
040 _aDO-SdBNP
_bspa
_cDO-SdBNP
043 _anwdr
245 0 0 _aCariforum :
_brevista cultural del Caribe.
260 _aSanto Domingo :
_bCariforum ( Foro Caribeño de Africa, Caribe y los Estados del Pacífico),
_c2000.
300 _av. :
_bil. ;
_c27-31 cm.
310 _aTrimestral
362 0 _aNo. 1, ( ene. 2000)
500 _aEl ISSN fue tomado del no. 8 (2002)
500 _aTítulo tomado de la cubierta.
500 _aTexto en inglés, francés y español.
650 4 _aPublicaciones periódicas
_932712
650 4 _aÁrea del caribe
_bCIVILIZACIÓN
_vPUBLICACIONES PERIÓDICAS
_932919
650 4 _aÁrea del caribe
_xVida intelectual
_vPUBLICACIONES PERIÓDICAS
_932920
650 4 _aÁrea del caribe
_vPUBLICACIONES PERIÓDICAS
_932921
710 2 _aForo Caribeño de Africa, Caribe y los Estados del Pacífico
_932922
942 _2ddc
_cISSUE
999 _c14128
_d14128